Revúckeho čakajú majstrovstvá sveta

Bibliographic Details
Format: Article
Language:Slovak
ISSN:1338-659X
Subjects:
Online Access:http://roznava.korzar.sme.sk/c/7366826/revuckeho-cakaju-majstrovstva-sveta.html

MARC

LEADER 00000nab a2200000 a 4500
001 vtls010619573
003 SK-MaSNL
005 20260305040430.0
008 140912c20140905xo dr| 0 0slo
038 |a RVGKPD 
040 |a RVGKPD  |b slo  |c RVGKPD  |e AACR2 
041 |a slo 
044 |a xo  |c SK 
080 |a 796.386  |2 2001 
245 0 0 |a Revúckeho čakajú majstrovstvá sveta  |c [autor] (pp) 
600 1 7 |a Revúcky, Rastislav  |2 rvgkpd  |9 1026582 
650 0 7 |a stolný tenis  |2 rvgkpd  |9 25562 
650 0 7 |a športovci so zdravotným postihnutím  |2 rvgkpd  |9 256411 
651 7 |a Vyšná Slaná (Slovensko)  |2 rvgkpd  |9 27911 
651 7 |a Rožňava (Slovensko : okres)  |2 rvgkpd  |9 19215 
773 0 |t Korzár : denník Košického kraja  |g Roč. XVII, č. 204 (5.9.2014), s. 17  |x 1338-659X 
852 |a RVGKPD  |b KIS3G 
856 4 1 |u http://roznava.korzar.sme.sk/c/7366826/revuckeho-cakaju-majstrovstva-sveta.html 
992 |a RBX 
999 |c 3338366  |d 3340296